000 005230000a22001810004500
003 MACL
005 20160403132107.0
008 160403b xxu||||| |||| 00| 0 eng d
040 _aMACL
_cMACL
041 _aHindi
082 _a370
100 _aस्‍टोलबर्ग्
_949770
245 _aउर्जा और कार्य
260 _bजनवाणी प्रकाशन
_c2000
_aनई दिल्‍ली
350 _a200
650 _aElementry Education
_949586
942 _cHIN
_k370
_2ddc
999 _c9421
_d9421